Perspektívy počítačového spracovania informácií v poľnohospodárskych podnikoch.
Aplikácia prostriedkov výpočtovej techniky pri spracovaní informácií ako jeden z faktorov zefektívnenia poľnohospodárskej výroby. Perspektívy aplikácie počítačov v poľnohospodárstve. Využitie počítačovej techniky tak pri štandardných, ako aj pri špecifických programoch vyvinutých pre príslušné podni...
Guardado en:
| Autor principal: | |
|---|---|
| Formato: | Capítulo de libro |
| Lenguaje: | eslovaco |
| Materias: | |
| Etiquetas: |
Sin Etiquetas, Sea el primero en etiquetar este registro!
|
MARC
| LEADER | 00000naa a2200000 4500 | ||
|---|---|---|---|
| 001 | r013519 | ||
| 005 | 20221213122718.0 | ||
| 041 | 0 | |a slo | |
| 044 | |a SK | ||
| 245 | 1 | 0 | |a Perspektívy počítačového spracovania informácií v poľnohospodárskych podnikoch. |c V. Popelka |
| 520 | |a Aplikácia prostriedkov výpočtovej techniky pri spracovaní informácií ako jeden z faktorov zefektívnenia poľnohospodárskej výroby. Perspektívy aplikácie počítačov v poľnohospodárstve. Využitie počítačovej techniky tak pri štandardných, ako aj pri špecifických programoch vyvinutých pre príslušné podniky. Medzipodniková kooperácia v oblasti vývoja programov. | ||
| 610 | 2 | 0 | |a využitie počítačov |
| 610 | 2 | 0 | |a poľnohospodárstvo |
| 610 | 2 | 0 | |a spracovanie dát |
| 610 | 2 | 0 | |a programy počítačové |
| 610 | 2 | 0 | |a podnik poľnohospodársky |
| 100 | 1 | |a Popelka, Vladimír | |